[Event "Arco op 46th"]
[Site "Arco"]
[Date "2024.10.08"]
[Round "4"]
[White "Cardarelli, Angelo"]
[Black "Schestak, Herbert"]
[Result "1-0"]
[WhiteElo "1965"]
[BlackElo "1814"]
[PlyCount "52"]
[EventDate "2024.10.05"]
[EventType "swiss"]
[EventRounds "9"]
[EventCountry "ITA"]
[SourceTitle "CB44_2024"]
[Source "Chessbase"]
[SourceDate "2024.10.30"]
[SourceVersion "1"]
[SourceVersionDate "2024.10.30"]
[SourceQuality "1"]

1. d4 d5 2. c4 c6 3. Qc2 Nf6 4. Nf3 e6 5. g3 Bd6 6. Bg2 Nbd7 7. 0-0 0-0 8. Nbd2 b6 9. e4 dxe4 10. Nxe4 Nxe4 11. Qxe4 Bb7 12. Rd1 Nf6 13. Qc2 Qc7 14. c5 Be7 15. Bf4 Qd8 16. Bg5 Nd5 17. Bxe7 Qxe7 18. Nd2 b5 19. Re1 Qd7 20. Rad1 Nf6 21. Nf3 Qc7 22. Ne5 Nd5 23. h4 Rad8 24. h5 h6 25. Qe2 Qe7 26. Be4 Nf6 1-0

[Event "Arco op 45th"]
[Site "Arco"]
[Date "2023.10.11"]
[Round "5"]
[White "Valkova, Angelika"]
[Black "Cardarelli, Angelo"]
[Result "1-0"]
[WhiteElo "2038"]
[BlackElo "1929"]
[PlyCount "123"]
[EventDate "2023.10.07"]
[EventType "swiss"]
[EventRounds "9"]
[EventCountry "ITA"]
[SourceTitle "CBM 216 Extra"]
[Source "ChessBase"]
[SourceDate "2023.11.30"]
[SourceVersion "1"]
[SourceVersionDate "2023.11.30"]
[SourceQuality "1"]

1. d4 e6 2. c4 d5 3. Nc3 c5 4. cxd5 exd5 5. Nf3 Nc6 6. g3 Nf6 7. Bg2 Be7 8. 0-0 0-0 9. dxc5 Bxc5 10. Na4 Be7 11. Be3 Bg4 12. Bc5 Re8 13. h3 Bf5 14. Rc1 Ne4 15. Bxe7 Rxe7 16. Nd4 Nxd4 17. Qxd4 Qd6 18. g4 Bg6 19. Rfd1 Rd8 20. Qxd5 Qxd5 21. Rxd5 Rde8 22. e3 f6 23. b3 h6 24. h4 Re5 25. Rd7 R8e7 26. Rd8+ Re8 27. Rd7 R8e7 28. Rc8+ Kf7 29. Rdd8 Re8 30. f4 Rxd8 31. Rxd8 Re7 32. f5 Bh7 33. Rd4 b5 34. Bxe4 bxa4 35. Rxa4 g6 36. Kf2 h5 37. Kf3 hxg4+ 38. Kxg4 gxf5+ 39. Bxf5 Bxf5+ 40. Kxf5 Re5+ 41. Kf4 a5 42. Re4 Rc5 43. Rc4 Rb5 44. e4 Ke6 45. Rc6+ Kf7 46. Rd6 Rh5 47. Kg4 Re5 48. Kf4 Rh5 49. Kg3 a4 50. Rd5 Rh8 51. bxa4 Rc8 52. Ra5 Rc2 53. h5 Kg7 54. Kf4 Rf2+ 55. Kg4 Rxa2 56. Kf5 Rf2+ 57. Ke6 Rf4 58. Kd5 Kh6 59. Ra8 Kxh5 60. a5 Rf1 61. a6 Kg5 62. a7 1-0

[Event "Arco op 45th"]
[Site "Arco"]
[Date "2023.10.10"]
[Round "4"]
[White "Cardarelli, Angelo"]
[Black "Zenker, Ulrich"]
[Result "1/2-1/2"]
[WhiteElo "1929"]
[BlackElo "2160"]
[PlyCount "83"]
[EventDate "2023.10.07"]
[EventType "swiss"]
[EventRounds "9"]
[EventCountry "ITA"]
[SourceTitle "CBM 216 Extra"]
[Source "ChessBase"]
[SourceDate "2023.11.30"]
[SourceVersion "1"]
[SourceVersionDate "2023.11.30"]
[SourceQuality "1"]

1. d4 e6 2. c4 Nf6 3. Nf3 d5 4. cxd5 exd5 5. Bg5 Be7 6. Nc3 0-0 7. Qc2 c6 8. e3 Nbd7 9. Bd3 Re8 10. 0-0 Nf8 11. a3 Ne4 12. Bxe7 Qxe7 13. b4 Ng6 14. b5 Nxc3 15. Qxc3 cxb5 16. Bxb5 Bd7 17. Rab1 Rec8 18. Qb3 Bf5 19. Bd3 Bxd3 20. Qxd3 Rc7 21. Rfc1 Rac8 22. Rxc7 Rxc7 23. h3 Qd6 24. Qb3 b6 25. a4 Qc6 26. Qb5 f6 27. a5 Ne7 28. axb6 axb6 29. Qxb6 Qxb6 30. Rxb6 Rc1+ 31. Kh2 Rc2 32. Kg3 Nf5+ 33. Kf4 Ne7 34. Rb7 Kf8 35. Kg3 Nf5+ 36. Kf4 Ne7 37. Kg3 h5 38. Rb8+ Kf7 39. Ne1 Nf5+ 40. Kf3 Nh4+ 41. Kg3 Nf5+ 42. Kf3 1/2-1/2

[Event "Mogliano Veneto op-A 43th"]
[Site "Mogliano Veneto"]
[Date "2023.04.25"]
[Round "5"]
[White "Cardarelli, Angelo"]
[Black "Conte, Edoardo"]
[Result "1/2-1/2"]
[WhiteElo "1963"]
[BlackElo "1810"]
[PlyCount "99"]
[EventDate "2023.04.23"]
[EventType "swiss"]
[EventRounds "5"]
[EventCountry "ITA"]
[SourceTitle "EXT 2024"]
[Source "ChessBase"]
[SourceDate "2023.10.10"]
[SourceVersion "1"]
[SourceVersionDate "2023.10.10"]
[SourceQuality "1"]

1. d4 Nf6 2. c4 g6 3. Nc3 Bg7 4. e4 d6 5. f3 0-0 6. Be3 a6 7. Bd3 c6 8. Nge2 b5 9. Qd2 Nbd7 10. 0-0 e5 11. Rfd1 Nb6 12. cxb5 cxb5 13. dxe5 dxe5 14. Bxb5 Qxd2 15. Rxd2 axb5 16. Bxb6 Be6 17. b3 Bxb3 18. Nxb5 Rfb8 19. Nc7 Ra3 20. Bf2 Rxa2 21. Raxa2 Bxa2 22. Bg3 Bc4 23. Bxe5 Nxe4 24. fxe4 Bxe5 25. Nd5 Bxe2 26. Rxe2 Rb1+ 27. Kf2 Bxh2 28. Kf3 Rb3+ 29. Re3 Rxe3+ 30. Kxe3 Kg7 31. Kf3 Be5 32. g4 Kh6 33. Ne7 Kg5 34. Nc6 f6 35. Nd8 h5 36. Nf7+ Kh4 37. g5 Bc3 38. gxf6 Bxf6 39. e5 Be7 40. e6 g5 41. Nxg5 Kxg5 42. Kg2 Kf5 43. Kh3 Kxe6 44. Kg2 Kf5 45. Kh3 Kf4 46. Kg2 h4 47. Kh2 Kg4 48. Kg2 Bd6 49. Kh1 Kg3 50. Kg1 1/2-1/2

[Event "Mogliano Veneto op-A 43th"]
[Site "Mogliano Veneto"]
[Date "2023.04.24"]
[Round "2"]
[White "Bozzao, Francesco"]
[Black "Cardarelli, Angelo"]
[Result "0-1"]
[WhiteElo "1806"]
[BlackElo "1963"]
[PlyCount "64"]
[EventDate "2023.04.23"]
[EventType "swiss"]
[EventRounds "5"]
[EventCountry "ITA"]
[SourceTitle "EXT 2024"]
[Source "ChessBase"]
[SourceDate "2023.10.10"]
[SourceVersion "1"]
[SourceVersionDate "2023.10.10"]
[SourceQuality "1"]

1. d4 e6 2. c4 Nf6 3. Nf3 b6 4. g3 Bb7 5. Bg2 Be7 6. 0-0 0-0 7. Nc3 Na6 8. a3 Ne4 9. Nxe4 Bxe4 10. Nd2 Bxg2 11. Kxg2 d5 12. Qa4 Qc8 13. e4 dxe4 14. Nxe4 Qb7 15. f3 c5 16. dxc5 Nxc5 17. Nxc5 Bxc5 18. b4 Bd4 19. Ra2 e5 20. Bb2 Rad8 21. Rd1 Bxb2 22. Rxb2 e4 23. Rbd2 exf3+ 24. Kf2 Qe4 25. Qb3 Rfe8 26. Qc3 g5 27. h3 h5 28. c5 bxc5 29. bxc5 h4 30. Rc1 hxg3+ 31. Kxg3 Qf4+ 32. Kf2 Rxd2+ 0-1

[Event "Arco op 44th"]
[Site "Arco"]
[Date "2022.10.14"]
[Round "7"]
[White "Player, Edmund C"]
[Black "Cardarelli, Angelo"]
[Result "1-0"]
[WhiteElo "2203"]
[BlackElo "1976"]
[PlyCount "110"]
[EventDate "2022.10.08"]
[EventType "swiss"]
[EventRounds "9"]
[EventCountry "ITA"]
[SourceTitle "CBM 210 Extra"]
[Source "ChessBase"]
[SourceDate "2022.11.30"]
[SourceVersion "1"]
[SourceVersionDate "2022.11.30"]
[SourceQuality "1"]

1. e4 c5 2. Nf3 a6 3. c3 e6 4. g3 d5 5. exd5 exd5 6. d4 c4 7. Bg2 Bd6 8. 0-0 Ne7 9. b3 cxb3 10. axb3 h6 11. Ba3 Bg4 12. Re1 0-0 13. Nbd2 Bxa3 14. Rxa3 Nbc6 15. Nf1 Rc8 16. Qd2 Be6 17. Ne3 Qb6 18. Nd1 Na7 19. Ne5 Nb5 20. Ra2 Qc7 21. Nd3 b6 22. Nf4 Qd6 23. Nxe6 fxe6 24. Rxa6 Nc7 25. Ra2 Nc6 26. Ne3 b5 27. b4 Ra8 28. Rea1 Rxa2 29. Rxa2 Ra8 30. Rxa8+ Nxa8 31. Bf1 Nc7 32. f4 Ne7 33. Bd3 Qd7 34. Ng4 Nf5 35. Ne5 Qe8 36. Qa2 Ne3 37. Qe2 Nc4 38. Nxc4 bxc4 39. Bb1 Nb5 40. Qe3 Kf7 41. Kg2 g6 42. Bc2 Qa8 43. Bxg6+ Kxg6 44. Qxe6+ Kg7 45. Qd7+ Kf6 46. Qxb5 Qa2+ 47. Kh3 Qc2 48. Qc6+ Kg7 49. Qd7+ Kh8 50. Qe8+ Kh7 51. Qf7+ Kh8 52. f5 Qe4 53. Qf6+ Kh7 54. Qg6+ Kh8 55. Qxh6+ Kg8 1-0

[Event "Mestre Sheraton op-A 1st"]
[Site "Mestre"]
[Date "2021.02.28"]
[Round "5"]
[White "Lorusso, Giuseppe"]
[Black "Cardarelli, Angelo"]
[Result "1/2-1/2"]
[WhiteElo "1992"]
[BlackElo "1955"]
[PlyCount "25"]
[EventDate "2021.02.26"]
[EventType "swiss"]
[EventRounds "5"]
[EventCountry "ITA"]
[SourceTitle "EXT 2022"]
[Source "ChessBase"]
[SourceDate "2021.10.06"]
[SourceVersion "1"]
[SourceVersionDate "2021.10.06"]
[SourceQuality "1"]

1. d4 e6 2. g3 d5 3. Bg2 c5 4. c3 Nf6 5. Nf3 Bd6 6. 0-0 Nc6 7. Nbd2 0-0 8. Re1 Qc7 9. e4 cxd4 10. Nxd4 Nxd4 11. cxd4 dxe4 12. Nxe4 Nxe4 13. Bxe4 1/2-1/2

[Event "Mestre Sheraton op-A 1st"]
[Site "Mestre"]
[Date "2021.02.26"]
[Round "1"]
[White "Dappiano, Andrea"]
[Black "Cardarelli, Angelo"]
[Result "1-0"]
[WhiteElo "2250"]
[BlackElo "1955"]
[PlyCount "79"]
[EventDate "2021.02.26"]
[EventType "swiss"]
[EventRounds "5"]
[EventCountry "ITA"]
[SourceTitle "EXT 2022"]
[Source "ChessBase"]
[SourceDate "2021.10.06"]
[SourceVersion "1"]
[SourceVersionDate "2021.10.06"]
[SourceQuality "1"]

1. e4 c5 2. Nc3 e6 3. g3 Nc6 4. Bg2 Nf6 5. Nge2 Be7 6. 0-0 0-0 7. d4 cxd4 8. Nxd4 d6 9. Be3 Bd7 10. Qe2 a6 11. Rad1 Qa5 12. Nb3 Qc7 13. f4 b5 14. a3 Rac8 15. g4 Rfd8 16. g5 Ne8 17. Qf2 Rb8 18. f5 f6 19. Bh3 e5 20. Nd5 Qb7 21. Qh4 Bc8 22. Rf3 fxg5 23. Nxe7+ Qxe7 24. Bxg5 Nf6 25. Rg3 Kh8 26. Bg2 Bb7 27. Kh1 a5 28. c3 b4 29. axb4 axb4 30. c4 Ba6 31. Bf1 Rdc8 32. Bd3 Qf7 33. Rdg1 Rg8 34. Rh3 Bb7 35. Be3 Ba6 36. Nd2 h6 37. Rg6 Nh7 38. Nf3 Ne7 39. Re6 Bb7 40. Rxe7 1-0

[Event "Arco op 41st"]
[Site "Arco"]
[Date "2019.10.08"]
[Round "5"]
[White "Cardarelli, Angelo"]
[Black "La Franca, Vincenzo"]
[Result "1-0"]
[WhiteElo "2014"]
[BlackElo "1484"]
[PlyCount "55"]
[EventDate "2019.10.04"]
[EventType "swiss"]
[EventRounds "9"]
[EventCountry "ITA"]
[SourceTitle "EXT 2020"]
[Source "ChessBase"]
[SourceDate "2019.10.17"]
[SourceVersion "1"]
[SourceVersionDate "2019.10.17"]
[SourceQuality "1"]

1. d4 d5 2. c4 Nf6 3. cxd5 Qxd5 4. Nc3 Qd8 5. e4 c6 6. Bc4 e6 7. Nf3 Bb4 8. Qc2 b5 9. Be2 Bb7 10. 0-0 Nbd7 11. Bd2 a6 12. e5 Bxc3 13. exf6 Bxd2 14. fxg7 Rg8 15. Nxd2 Rxg7 16. Ne4 Qe7 17. a4 Rc8 18. Nc5 Qg5 19. Bf3 Nxc5 20. dxc5 b4 21. a5 Rd8 22. Rfd1 Rxd1+ 23. Rxd1 Qf4 24. Qd3 Qc7 25. Qd4 e5 26. Qxb4 f5 27. Qh4 Qe7 28. Bh5+ 1-0

[Event "Arco op 41st"]
[Site "Arco"]
[Date "2019.10.05"]
[Round "2"]
[White "Zwahr, Paul"]
[Black "Cardarelli, Angelo"]
[Result "1/2-1/2"]
[WhiteElo "2282"]
[BlackElo "2014"]
[PlyCount "72"]
[EventDate "2019.10.04"]
[EventType "swiss"]
[EventRounds "9"]
[EventCountry "ITA"]
[SourceTitle "EXT 2020"]
[Source "ChessBase"]
[SourceDate "2019.10.17"]
[SourceVersion "1"]
[SourceVersionDate "2019.10.17"]
[SourceQuality "1"]

1. e4 c5 2. Nf3 e6 3. d4 cxd4 4. Nxd4 a6 5. Bd3 Bc5 6. Nb3 Ba7 7. Qg4 Nf6 8. Qg3 d6 9. Nc3 Nc6 10. Bg5 h6 11. Bd2 b5 12. f4 0-0 13. e5 Ne8 14. Ne4 Ne7 15. Nxd6 Nxd6 16. exd6 Nf5 17. Bxf5 exf5 18. 0-0-0 Qxd6 19. Bc3 Qg6 20. Qxg6 fxg6 21. Rhe1 Bb8 22. g3 Kf7 23. Bb4 Re8 24. Rxe8 Kxe8 25. Re1+ Kf7 26. Re7+ Kf6 27. Re8 g5 28. fxg5+ hxg5 29. Bc3+ Kg6 30. Rg8 Kh5 31. Bxg7 Bb7 32. Rh8+ Kg4 33. Nc5 Bc6 34. Nd3 f4 35. Kd1 fxg3 36. hxg3 Bxg3 1/2-1/2

[Event "Porto Mannu op 10th"]
[Site "Porto Mannu"]
[Date "2018.06.02"]
[Round "7"]
[White "Cardarelli, Angelo"]
[Black "Viviani, Alessio"]
[Result "0-1"]
[WhiteElo "2008"]
[BlackElo "2252"]
[PlyCount "58"]
[EventDate "2018.06.02"]
[EventType "swiss"]
[EventRounds "9"]
[EventCountry "ITA"]
[SourceTitle "CBM 184 Extra"]
[Source "ChessBase"]
[SourceDate "2018.06.28"]
[SourceVersion "1"]
[SourceVersionDate "2018.06.28"]
[SourceQuality "1"]

1. d4 Nf6 2. c4 g6 3. f3 Nh5 4. e4 e5 5. Be3 Bb4+ 6. Nd2 exd4 7. Bxd4 0-0 8. a3 Nc6 9. Bf2 Be7 10. Ne2 Bf6 11. Qc2 d6 12. Nb3 Bg7 13. g4 Nf6 14. Ng3 Nd7 15. Be2 a5 16. Rd1 Qg5 17. Nd4 Nxd4 18. Bxd4 Bxd4 19. Rxd4 Qc5 20. Rd5 Qb6 21. Qd2 Nc5 22. Nh5 f6 23. Qh6 gxh5 24. gxh5 Ne6 25. c5 Qxb2 26. Rg1+ Kh8 27. f4 Qc1+ 28. Kf2 Qxf4+ 29. Qxf4 Nxf4 0-1

[Event "Arco op-A 39th"]
[Site "Arco"]
[Date "2017.10.15"]
[Round "9"]
[White "Cardarelli, Angelo"]
[Black "Battistella, Stefano"]
[Result "0-1"]
[WhiteElo "1984"]
[BlackElo "2041"]
[PlyCount "100"]
[EventDate "2017.10.07"]
[EventType "swiss"]
[EventRounds "9"]
[EventCountry "ITA"]
[SourceTitle "CBM 181 Extra"]
[Source "ChessBase"]
[SourceDate "2017.12.12"]
[SourceVersion "1"]
[SourceVersionDate "2017.12.12"]
[SourceQuality "1"]

1. d4 Nf6 2. c4 e6 3. Nf3 Bb4+ 4. Bd2 Be7 5. Nc3 d5 6. cxd5 exd5 7. Bg5 c6 8. Qc2 0-0 9. e3 Nbd7 10. Bd3 Re8 11. 0-0 Nf8 12. a3 g6 13. b4 a6 14. Bxf6 Bxf6 15. a4 Ne6 16. b5 axb5 17. axb5 Rxa1 18. Rxa1 c5 19. dxc5 Nxc5 20. Rd1 Be6 21. Bf1 Bxc3 22. Qxc3 Ne4 23. Qd4 Qc8 24. Qd3 Qc3 25. Qxc3 Nxc3 26. Rc1 Rc8 27. Kh1 Na4 28. Rxc8+ Bxc8 29. Nd4 Kf8 30. g3 Ke7 31. Kg2 Kd6 32. Kf3 Nc3 33. Kf4 Ne4 34. Kf3 Nd2+ 35. Ke2 Nxf1 36. Kxf1 Kc5 37. Nf3 Kxb5 38. Ng5 Be6 39. Nxh7 Kc4 40. Ke1 Kc3 41. Kd1 b5 42. Nf6 b4 43. Kc1 b3 44. g4 d4 45. Ne4+ Kc4 46. Nd6+ Kd5 47. Nb5 dxe3 48. Nc3+ Kc4 49. Ne4 Kd4 50. f3 Bxg4 0-1

[Event "Arco op-A 39th"]
[Site "Arco"]
[Date "2017.10.13"]
[Round "7"]
[White "Cardarelli, Angelo"]
[Black "Satter, Manfred"]
[Result "1-0"]
[WhiteElo "1984"]
[BlackElo "1778"]
[PlyCount "85"]
[EventDate "2017.10.07"]
[EventType "swiss"]
[EventRounds "9"]
[EventCountry "ITA"]
[SourceTitle "CBM 181 Extra"]
[Source "ChessBase"]
[SourceDate "2017.12.12"]
[SourceVersion "1"]
[SourceVersionDate "2017.12.12"]
[SourceQuality "1"]

1. d4 Nf6 2. c4 c5 3. d5 b5 4. cxb5 a6 5. f3 d6 6. e4 g6 7. Na3 Bg7 8. Ne2 0-0 9. Nc3 Nbd7 10. Be2 axb5 11. Naxb5 Ba6 12. 0-0 Qb6 13. Be3 Rfb8 14. Qd2 Ne8 15. a4 Nc7 16. Rab1 Qa5 17. Nxc7 Qxc7 18. Nb5 Bxb5 19. Bxb5 Nb6 20. Ra1 Nc8 21. Qe2 Na7 22. h4 Qa5 23. Ra3 Nxb5 24. axb5 Qb6 25. Rfa1 Rxa3 26. Rxa3 Bd4 27. Bxd4 cxd4 28. Kf1 Qxb5 29. Qxb5 Rxb5 30. b3 Rb6 31. Ke2 e5 32. Kd3 f5 33. Kc4 Kg7 34. Ra7+ Kh6 35. b4 Rb8 36. Rc7 Rf8 37. b5 fxe4 38. fxe4 Rf2 39. b6 Rb2 40. Rc6 Kh5 41. Rxd6 Kg4 42. Rc6 Kf4 43. d6 1-0

[Event "Arco op-A 39th"]
[Site "Arco"]
[Date "2017.10.11"]
[Round "5"]
[White "Cardarelli, Angelo"]
[Black "Donadi, Luca"]
[Result "1-0"]
[WhiteElo "1984"]
[BlackElo "1773"]
[PlyCount "69"]
[EventDate "2017.10.07"]
[EventType "swiss"]
[EventRounds "9"]
[EventCountry "ITA"]
[SourceTitle "CBM 181 Extra"]
[Source "ChessBase"]
[SourceDate "2017.12.12"]
[SourceVersion "1"]
[SourceVersionDate "2017.12.12"]
[SourceQuality "1"]

1. d4 Nf6 2. c4 g6 3. Nc3 d5 4. cxd5 Nxd5 5. Bd2 Nb6 6. Bg5 Bg7 7. e3 0-0 8. Nf3 Be6 9. Rc1 c6 10. Be2 N8d7 11. 0-0 Nf6 12. Qc2 Rc8 13. e4 Qc7 14. Bh4 Rfd8 15. Bg3 Qd7 16. Rfd1 Qe8 17. h3 h6 18. b3 Nh7 19. Ne5 Nf6 20. Bf1 Nfd7 21. Nf3 Nf6 22. Ne2 g5 23. Ne5 Nfd7 24. Nd3 f5 25. Nc5 Nxc5 26. dxc5 Nd7 27. exf5 Bf7 28. Nd4 Nf8 29. Qe4 Kh8 30. Nf3 Bd5 31. Qe3 Qf7 32. Bd3 e6 33. Ne5 Qf6 34. Ng4 Qd4 35. f6 1-0

[Event "Arco op-A 39th"]
[Site "Arco"]
[Date "2017.10.10"]
[Round "4"]
[White "Pedersen, Henrik Bolding"]
[Black "Cardarelli, Angelo"]
[Result "1-0"]
[WhiteElo "2125"]
[BlackElo "1984"]
[PlyCount "83"]
[EventDate "2017.10.07"]
[EventType "swiss"]
[EventRounds "9"]
[EventCountry "ITA"]
[SourceTitle "CBM 181 Extra"]
[Source "ChessBase"]
[SourceDate "2017.12.12"]
[SourceVersion "1"]
[SourceVersionDate "2017.12.12"]
[SourceQuality "1"]

1. d4 Nf6 2. Nf3 e6 3. Bf4 b6 4. e3 Bb7 5. Nbd2 c5 6. c3 Be7 7. Bd3 cxd4 8. exd4 d6 9. 0-0 0-0 10. Qe2 Nbd7 11. h3 Re8 12. Rfe1 a6 13. Bh2 b5 14. a4 bxa4 15. Rxa4 a5 16. Bb5 Qc7 17. Rea1 Ra7 18. Nc4 Rea8 19. b4 Bd5 20. bxa5 Bc6 21. Nb6 Bxf3 22. Nxa8 Bxa8 23. Qc4 Qb7 24. f3 h6 25. a6 Qb8 26. Rb4 Qd8 27. Qd3 Nb6 28. c4 Nh7 29. Rab1 Ng5 30. Bg3 Bf8 31. Bf2 Nc8 32. d5 Re7 33. Bc6 Bxc6 34. dxc6 Na7 35. Rb8 Qa5 36. Rxf8+ Kxf8 37. Rb8+ Re8 38. Qxd6+ Kg8 39. Rxe8+ Kh7 40. Bxa7 Qe1+ 41. Kh2 Nxf3+ 42. gxf3 1-0

[Event "Arco op-A 39th"]
[Site "Arco"]
[Date "2017.10.09"]
[Round "3"]
[White "Cardarelli, Angelo"]
[Black "Bilku, Andras"]
[Result "1-0"]
[WhiteElo "1984"]
[BlackElo "1600"]
[PlyCount "47"]
[EventDate "2017.10.07"]
[EventType "swiss"]
[EventRounds "9"]
[EventCountry "ITA"]
[SourceTitle "CBM 181 Extra"]
[Source "ChessBase"]
[SourceDate "2017.12.12"]
[SourceVersion "1"]
[SourceVersionDate "2017.12.12"]
[SourceQuality "1"]

1. d4 Nf6 2. c4 e6 3. Nf3 b6 4. a3 Ba6 5. Qc2 Bb7 6. Nc3 c5 7. e4 cxd4 8. Nxd4 Bc5 9. Nb3 Nc6 10. Bg5 Nd4 11. Nxd4 Bxd4 12. Nb5 Be5 13. f4 Bxe4 14. Qe2 Bxb2 15. Nd6+ Ke7 16. Qxb2 Kxd6 17. Qe5+ Kc6 18. Bxf6 Qxf6 19. Qxe4+ d5 20. cxd5+ exd5 21. Rc1+ Kd6 22. Qb4+ Kd7 23. Qb5+ Kd8 24. Qxd5+ 1-0

[Event "Treviso op-A 1st"]
[Site "Treviso"]
[Date "2017.03.19"]
[Round "4.5"]
[White "Lazarev, Vladimir"]
[Black "Cardarelli, Angelo"]
[Result "1-0"]
[WhiteElo "2376"]
[BlackElo "2101"]
[PlyCount "112"]
[EventDate "2017.03.17"]
[EventType "swiss"]
[EventRounds "5"]
[EventCountry "ITA"]
[SourceTitle "EXT 2024"]
[Source "ChessBase"]
[SourceDate "2023.10.10"]
[SourceVersion "1"]
[SourceVersionDate "2023.10.10"]
[SourceQuality "1"]

1. d4 Nf6 2. c4 e6 3. Nc3 Bb4 4. Qc2 0-0 5. a3 Bxc3+ 6. Qxc3 b6 7. Bg5 Bb7 8. e3 d6 9. Nf3 Nbd7 10. Nd2 c5 11. dxc5 bxc5 12. f3 Qb6 13. Bh4 Rfd8 14. Bf2 Nf8 15. Bd3 a5 16. 0-0 Ng6 17. b3 Rd7 18. Rfc1 Rad8 19. Nf1 Ba6 20. Be1 Ne5 21. Be2 Nc6 22. Qc2 Rb8 23. Rab1 Rdb7 24. Kh1 Qc7 25. Bc3 Ne8 26. Ng3 Ne5 27. f4 Nc6 28. Bd3 h6 29. Qd1 Ne7 30. h3 Ra7 31. Kh2 Bb7 32. e4 e5 33. Qf3 Nc6 34. Nf5 Nd4 35. Bxd4 cxd4 36. fxe5 dxe5 37. c5 Ba6 38. b4 axb4 39. axb4 Bb5 40. Bxb5 Rxb5 41. Qd3 Rab7 42. Qc4 Rb8 43. Rb3 Kf8 44. Rf1 R8b7 45. Ra1 Rb8 46. Ra4 Kg8 47. Rba3 Qb7 48. c6 Qc7 49. Nxh6+ Kf8 50. Ng4 Nd6 51. Qc2 Rxb4 52. Rxb4 Rxb4 53. Nxe5 d3 54. Qc3 Rxe4 55. Nd7+ Ke8 56. Qxg7 Nf5+ 1-0

[Event "Treviso op-A 1st"]
[Site "Treviso"]
[Date "2017.03.18"]
[Round "3.12"]
[White "Cardarelli, Angelo"]
[Black "Ivekovic, Mario"]
[Result "0-1"]
[WhiteElo "2101"]
[BlackElo "2170"]
[PlyCount "88"]
[EventDate "2017.03.17"]
[EventType "swiss"]
[EventRounds "5"]
[EventCountry "ITA"]
[SourceTitle "EXT 2024"]
[Source "ChessBase"]
[SourceDate "2023.10.10"]
[SourceVersion "1"]
[SourceVersionDate "2023.10.10"]
[SourceQuality "1"]

1. d4 g6 2. c4 Bg7 3. e4 d6 4. Nc3 Nc6 5. Be3 e5 6. d5 Nce7 7. c5 f5 8. cxd6 cxd6 9. Qa4+ Kf7 10. f3 Nf6 11. Bd3 f4 12. Bf2 g5 13. Nge2 h5 14. 0-0-0 a6 15. Kb1 Rb8 16. Rc1 b5 17. Qb4 a5 18. Qb3 b4 19. Nb5 Ba6 20. Nc7 a4 21. Qd1 Bxd3+ 22. Qxd3 Qd7 23. Ne6 Bh6 24. Rc7 Qb5 25. Qxb5 Rxb5 26. Rhc1 Nfxd5 27. exd5 Rxd5 28. N6d4 exd4 29. Nxd4 Re8 30. R1c4 Bg7 31. Rxb4 Bxd4 32. Bxd4 Kg6 33. Rxa4 Nf5 34. Bc3 Rd1+ 35. Kc2 Rg1 36. Kb3 Rxg2 37. h3 Rh2 38. Re4 Rxe4 39. fxe4 Ne3 40. Rc6 f3 41. Rxd6+ Kh7 42. Rd7+ Kg8 43. Rd8+ Kf7 44. Rd7+ Ke8 0-1

[Event "Venice Autumn op 22nd"]
[Site "Venice"]
[Date "2015.11.01"]
[Round "4"]
[White "Balzan, Marco"]
[Black "Cardarelli, Angelo"]
[Result "0-1"]
[WhiteElo "1974"]
[BlackElo "2000"]
[PlyCount "114"]
[EventDate "2015.10.30"]
[EventType "swiss"]
[EventRounds "5"]
[EventCountry "ITA"]
[SourceTitle "CBM 169 Extra"]
[Source "ChessBase"]
[SourceDate "2015.12.18"]
[SourceVersion "1"]
[SourceVersionDate "2015.12.18"]
[SourceQuality "1"]

1. d4 Nf6 2. c4 e6 3. Nf3 b6 4. g3 Bb7 5. Bg2 Be7 6. 0-0 0-0 7. Nc3 Na6 8. Re1 Ne4 9. Nxe4 Bxe4 10. a3 c5 11. dxc5 bxc5 12. Nh4 Bxg2 13. Nxg2 Qc7 14. e4 d6 15. Bf4 Rfd8 16. Qc2 Bf6 17. Rad1 Nb8 18. e5 dxe5 19. Rxd8+ Qxd8 20. Bxe5 Nc6 21. Rd1 Nd4 22. Bxf6 Qxf6 23. Qe4 Rd8 24. Ne3 Rb8 25. Kg2 Nb3 26. Rd3 h5 27. Rd7 a5 28. Nd1 Nd4 29. Rc7 Nb3 30. Nc3 Rd8 31. Qe3 h4 32. Ne4 Qf5 33. h3 hxg3 34. Nxg3 Qc2 35. Rb7 Nd4 36. Qg5 Rc8 37. Qe7 Qg6 38. Rc7 Rxc7 39. Qxc7 Nf5 40. Qd8+ Kh7 41. Kh2 Nxg3 42. fxg3 Qc2+ 43. Kg1 Qc1+ 44. Kh2 Qxb2+ 45. Kh1 Qc1+ 46. Kg2 Qc2+ 47. Kg1 Qxc4 48. Qxa5 Qd4+ 49. Kf1 c4 50. Qh5+ Kg8 51. Qe2 c3 52. Qc2 Qe3 53. Qd1 Qxg3 54. a4 Qxh3+ 55. Kg1 Qe3+ 56. Kf1 g6 57. a5 Qf4+ 0-1

[Event "Venice Autumn op 22nd"]
[Site "Venice"]
[Date "2015.10.31"]
[Round "3"]
[White "Cardarelli, Angelo"]
[Black "Balzan, Alessandro"]
[Result "0-1"]
[WhiteElo "2000"]
[BlackElo "2030"]
[PlyCount "78"]
[EventDate "2015.10.30"]
[EventType "swiss"]
[EventRounds "5"]
[EventCountry "ITA"]
[SourceTitle "CBM 169 Extra"]
[Source "ChessBase"]
[SourceDate "2015.12.18"]
[SourceVersion "1"]
[SourceVersionDate "2015.12.18"]
[SourceQuality "1"]

1. d4 d5 2. c4 c6 3. Nf3 Nf6 4. e3 g6 5. Nc3 Bg7 6. b3 0-0 7. Bb2 Bg4 8. h3 Bxf3 9. Qxf3 e6 10. Bd3 Nbd7 11. Rd1 Qc7 12. 0-0 a6 13. Rfe1 dxc4 14. bxc4 c5 15. Bf1 cxd4 16. exd4 Nb6 17. Rc1 Rac8 18. Ba3 Rfe8 19. d5 exd5 20. Nxd5 Nfxd5 21. Rxe8+ Rxe8 22. cxd5 Qd7 23. d6 Rc8 24. Re1 Rc3 25. Re3 Rxe3 26. fxe3 Bf8 27. e4 Bxd6 28. Bb2 Bc5+ 29. Kh1 Bd4 30. Bc1 Bg7 31. h4 Qc6 32. Qd1 Nd7 33. h5 Be5 34. h6 Nf8 35. Ba3 Qf6 36. g3 Bxg3 37. Bxf8 Kxf8 38. Bg2 Bf2 39. Qc2 Qh4+ 0-1

[Event "Arco op 36th"]
[Site "Arco"]
[Date "2014.10.10"]
[Round "7"]
[White "Olivetti, Davide"]
[Black "Cardarelli, Angelo"]
[Result "1-0"]
[WhiteElo "1936"]
[BlackElo "2041"]
[PlyCount "69"]
[EventDate "2014.10.04"]
[EventType "swiss"]
[EventRounds "9"]
[EventCountry "ITA"]
[SourceTitle "EXT 2016"]
[Source "ChessBase"]
[SourceDate "2015.10.08"]
[SourceVersion "1"]
[SourceVersionDate "2015.10.08"]
[SourceQuality "1"]

1. e4 e6 2. d4 d5 3. Nd2 Nf6 4. e5 Nfd7 5. f4 c5 6. c3 Nc6 7. Ndf3 Qb6 8. g3 cxd4 9. cxd4 Bb4+ 10. Kf2 0-0 11. Kg2 Qd8 12. Bd3 f5 13. h3 a6 14. g4 Ne7 15. Ne2 Nb8 16. Ng3 Nbc6 17. gxf5 Nxf5 18. Nxf5 exf5 19. Kh2 Be6 20. Rg1 Rc8 21. Be3 Rc7 22. Ng5 Qd7 23. Qh5 g6 24. Qh6 Nd8 25. a3 Ba5 26. Nxh7 Qxh7 27. Rxg6+ Rg7 28. Rxg7+ Qxg7 29. Rg1 Rf7 30. Rxg7+ Rxg7 31. Bf2 Bb6 32. Bh4 Rh7 33. Qg6+ Rg7 34. Qe8+ Kh7 35. Bxd8 1-0